000 00265nam a2200097Ia 4500
001 1173039
005 20250827012606.0
008 250824s9999 xx 000 0 und d
245 0 _aMAYANIN AĞACI
_cGÖKÇE ATEŞ AYTUĞ
260 _bGÜNIŞIGI KİTAPLIĞI YAYINLARI
999 _c1173039
_d1173039